| 000 | 00665nam a2200193 a 4500 | ||
|---|---|---|---|
| 001 | 000048438 | ||
| 005 | 20240229073921.0 | ||
| 008 | 190315s2019 dr 000 0 spa d | ||
| 020 | _a9789945423440 | ||
| 040 |
_aDO-SdBNP _bspa _cBNPHU |
||
| 082 |
_a928.61 _bH519m, 2019 |
||
| 100 | 1 |
_aMateo, Andrés L., _d 1946- _9776 |
|
| 245 | 1 | 0 |
_aPedro Henríquez Ureña : _bla búsqueda de la diferencia / _cAndrés L. Mateo. |
| 260 |
_aSanto Domingo, : _bUniversidad APEC, _c2019. |
||
| 300 |
_a23 p. ; _c21 cm. |
||
| 490 | 1 |
_aUNAPEC por un mundo mejor ; _aConferencias ; _v3 ; |
|
| 590 | _aInventariado, 2019/ YL | ||
| 830 | 0 |
_aUNAPEC por un mundo mejor _gConferencias _n3 _975853 |
|
| 999 |
_c47926 _d47926 |
||